| 000 | 00702nam a2200229Ia 4500 | ||
|---|---|---|---|
| 001 | 9804 | ||
| 003 | GE_BSU | ||
| 008 | 181216s||||||||xx |||||||||||||| ||und|| | ||
| 040 | _cGE_BSU | ||
| 080 | _a821.353.1–1 | ||
| 100 | _aნიშნიანიძე,შოთა | ||
| 245 | _aმზე შუბის ტარზე | ||
| 245 | _bლექსები | ||
| 245 | _cრედ.კ.კალაძე,მხატვ.ლ.ცუცქირიძე | ||
| 260 | _aთბილისი | ||
| 260 | _bმერანი | ||
| 260 | _c1970 | ||
| 300 | _a371გვ.ილ.21სმ. | ||
| 653 | _aლექსები | ||
| 653 | _aმზე შუბის ტარზე | ||
| 942 | _cBK | ||
| 999 |
_c43084 _d43084 |
||